000 00311pab a2200145 454500
008 180718b2004 xxu||||| |||| 00| 0 eng d
100 _aTripathi, S.C.
245 _aOil prices
260 _c2004
300 _ap.11-15.
362 _aDec
650 _aPetroleum industry
773 _aYojana
909 _a63353
999 _c63353
_d63353